[Event "Hessen-chA"]
[Site "Frankfurt"]
[Date "2019.06.01"]
[Round "6"]
[White "Thomas, Tobias"]
[Black "Halbig, Christopher"]
[Result "1-0"]
[WhiteElo "1942"]
[BlackElo "1802"]
[PlyCount "57"]
[EventDate "2019.05.30"]
[EventType "swiss"]
[EventRounds "7"]
[EventCountry "GER"]
[SourceTitle "EXT 2020"]
[Source "ChessBase"]
[SourceDate "2019.10.17"]
[SourceVersion "1"]
[SourceVersionDate "2019.10.17"]
[SourceQuality "1"]

1. c4 e5 2. g3 d6 3. Bg2 Nf6 4. Nc3 Nbd7 5. Nf3 Be7 6. d3 0-0 7. 0-0 c6 8. Rb1 a5 9. e4 Nc5 10. Be3 Nfd7 11. Na4 Ne6 12. d4 exd4 13. Nxd4 Nxd4 14. Bxd4 c5 15. Be3 Nb6 16. Nxb6 Qxb6 17. Qc2 Be6 18. Rfd1 Rfd8 19. Rd2 Rd7 20. Rbd1 Bf6 21. f4 Rdd8 22. h3 Be7 23. f5 Bd7 24. Bf4 Be8 25. Rd3 Rd7 26. e5 Rad8 27. e6 fxe6 28. fxe6 Bg6 29. exd7 1-0

[Event "Hessen-chA"]
[Site "Frankfurt"]
[Date "2019.05.30"]
[Round "1"]
[White "Bluebaum, Johanna"]
[Black "Halbig, Christopher"]
[Result "1/2-1/2"]
[WhiteElo "2003"]
[BlackElo "1802"]
[PlyCount "153"]
[EventDate "2019.05.30"]
[EventType "swiss"]
[EventRounds "7"]
[EventCountry "GER"]
[SourceTitle "EXT 2020"]
[Source "ChessBase"]
[SourceDate "2019.10.17"]
[SourceVersion "1"]
[SourceVersionDate "2019.10.17"]
[SourceQuality "1"]

1. d4 Nf6 2. c4 d6 3. Nf3 Nbd7 4. Nc3 e5 5. dxe5 dxe5 6. g3 c6 7. Bg2 Be7 8. 0-0 0-0 9. Qc2 Qc7 10. a3 a5 11. Na4 Nc5 12. Be3 Nxa4 13. Qxa4 c5 14. Rfd1 Bd7 15. Qb3 Bc6 16. Qc3 Ng4 17. h3 Nxe3 18. Qxe3 Bxf3 19. Bxf3 Rad8 20. Bd5 Rd7 21. Rd3 h6 22. Qf3 Bf6 23. Rb3 b6 24. e4 Bd8 25. Rd1 Rd6 26. Rbd3 Qe7 27. Qg4 Bc7 28. h4 Kh8 29. Rf3 g6 30. Qh3 Qd7 31. Qxd7 Rxd7 32. Rf6 Kg7 33. Rc6 Rfd8 34. Rf1 Rf8 35. g4 g5 36. hxg5 hxg5 37. Kg2 Rh8 38. Rb1 Rh6 39. Rxh6 Kxh6 40. b4 axb4 41. axb4 Bd6 42. b5 Ra7 43. Rd1 Bf8 44. Rh1+ Kg7 45. Rh5 Be7 46. Rh3 Bf6 47. Rc3 Kg6 48. Bc6 Kg7 49. Rd3 Be7 50. Bd7 Ra4 51. Rc3 Ra7 52. Bf5 Bf6 53. Kf3 Kg8 54. Ke3 Kg7 55. f3 Kg8 56. Rd3 Be7 57. Rd5 f6 58. Rd1 Ra3+ 59. Kf2 Ra2+ 60. Kg3 Ra7 61. Rh1 Bf8 62. Be6+ Kg7 63. Rd1 Be7 64. Bf5 Kg8 65. Kf2 Ra2+ 66. Ke3 Ra3+ 67. Ke2 Ra2+ 68. Kd3 Ra3+ 69. Kc2 Ra7 70. Kb3 Kg7 71. Rh1 Kg8 72. Rh7 Rc7 73. Rh6 Kg7 74. Rg6+ Kf7 75. Rh6 Kg7 76. Rh1 Ra7 77. Rh7+ 1/2-1/2

[Event "Eschborn op"]
[Site "Eschborn"]
[Date "2017.10.14"]
[Round "2"]
[White "Halbig, Christopher"]
[Black "Schneider, Johannes"]
[Result "0-1"]
[WhiteElo "1728"]
[BlackElo "1858"]
[PlyCount "106"]
[EventDate "2017.10.13"]
[EventType "swiss"]
[EventRounds "5"]
[EventCountry "GER"]
[SourceTitle "EXT 2019"]
[Source "ChessBase"]
[SourceDate "2018.10.10"]
[SourceVersion "1"]
[SourceVersionDate "2018.10.10"]
[SourceQuality "1"]

1. c4 e5 2. g3 Nf6 3. Bg2 c6 4. d4 e4 5. Nc3 d5 6. Bg5 Be7 7. cxd5 cxd5 8. Nh3 h6 9. Bxf6 Bxf6 10. Nf4 Be6 11. Nh5 Nc6 12. Nxf6+ gxf6 13. Qd2 Qb6 14. Rd1 h5 15. h4 Ne7 16. Na4 Qd6 17. Nc5 b6 18. Nxe6 fxe6 19. Rc1 Nf5 20. e3 Kd7 21. Bf1 Rac8 22. Rxc8 Rxc8 23. Be2 Ng7 24. g4 hxg4 25. Bxg4 Ke7 26. h5 Rh8 27. Qc3 f5 28. Be2 f4 29. h6 Nf5 30. h7 fxe3 31. fxe3 Kf6 32. Kd2 Qd7 33. Qa3 Qe7 34. Qa4 Rxh7 35. Rxh7 Qxh7 36. Qe8 Qh6 37. Qd8+ Kg6 38. Qg8+ Kf6 39. Qd8+ Ne7 40. Qd7 Qg5 41. a4 Kg6 42. Qd8 Nf5 43. Qg8+ Ng7 44. Qc8 Qe7 45. Qc3 a5 46. Kc2 Nf5 47. Kd2 Qb4 48. Qxb4 axb4 49. Ba6 Kf6 50. Ke2 e5 51. Bb7 exd4 52. exd4 Nxd4+ 53. Ke3 Ke5 0-1

[Event "Hessen-ch op-A"]
[Site "Frankfurt Sossenheim"]
[Date "2015.??.??"]
[Round "5"]
[White "Halbig, Christopher"]
[Black "Rutsatz, Mario"]
[Result "1-0"]
[WhiteElo "1791"]
[BlackElo "1969"]
[PlyCount "120"]
[EventDate "2015.05.13"]
[EventType "swiss"]
[EventRounds "7"]
[EventCountry "GER"]
[SourceTitle "EXT 2016"]
[Source "ChessBase"]
[SourceDate "2015.10.08"]
[SourceVersion "1"]
[SourceVersionDate "2015.10.08"]
[SourceQuality "1"]

1. c4 Nf6 2. g3 g6 3. Bg2 Bg7 4. Nc3 0-0 5. e4 d6 6. Nge2 c5 7. 0-0 Nc6 8. d3 Ne8 9. Be3 Nd4 10. Qd2 Rb8 11. f3 a6 12. Bh6 b5 13. Bxg7 Nxe2+ 14. Nxe2 Nxg7 15. b3 e5 16. f4 Bg4 17. Nc3 b4 18. Nd5 Be6 19. fxe5 Bxd5 20. cxd5 dxe5 21. Qf2 Qb6 22. Rac1 Rbc8 23. Qf6 Qb5 24. Rf3 Rce8 25. Bh3 Nh5 26. Qc6 Qa5 27. Rc2 f5 28. Qxc5 Qd8 29. Qxb4 Qg5 30. Qe1 Nf4 31. Bg2 Nxg2 32. Kxg2 Rc8 33. Rff2 f4 34. Qd2 h5 35. Rc6 h4 36. Rf3 hxg3 37. hxg3 Qg4 38. Qc2 Rcd8 39. Rxa6 Rf7 40. Qc6 Kg7 41. Qe6 Qg5 42. Qb6 Rc8 43. Qf2 Rc1 44. Qd2 Rfc7 45. Rc6 R7xc6 46. dxc6 Rxc6 47. d4 Qd8 48. d5 g5 49. Qb2 Rf6 50. Qxe5 Qa5 51. Qxg5+ Rg6 52. Qxf4 Qxa2+ 53. Rf2 Qa3 54. Qc7+ Kh6 55. Qb8 Qe7 56. Qh8+ Qh7 57. Qxh7+ Kxh7 58. Rf3 Rg4 59. Rf4 Rg6 60. Kf3 Rb6 1-0

[Event "Hessen-ch op-A"]
[Site "Frankfurt Sossenheim"]
[Date "2015.??.??"]
[Round "3"]
[White "Trumpp, Lothar"]
[Black "Halbig, Christopher"]
[Result "1-0"]
[WhiteElo "2050"]
[BlackElo "1791"]
[PlyCount "135"]
[EventDate "2015.05.13"]
[EventType "swiss"]
[EventRounds "7"]
[EventCountry "GER"]
[SourceTitle "EXT 2016"]
[Source "ChessBase"]
[SourceDate "2015.10.08"]
[SourceVersion "1"]
[SourceVersionDate "2015.10.08"]
[SourceQuality "1"]

1. Nc3 e5 2. Nf3 d6 3. e4 Nf6 4. Bc4 Be7 5. d4 exd4 6. Nxd4 0-0 7. 0-0 Re8 8. Re1 Bf8 9. Bg5 c6 10. a4 Nbd7 11. Qd2 Ne5 12. Bb3 h6 13. Bh4 Ng6 14. Bg3 Qa5 15. Rad1 Bd7 16. f3 Rad8 17. Nd5 Qxd2 18. Nxf6+ gxf6 19. Rxd2 h5 20. Ne2 Be6 21. c4 h4 22. Bf2 Bh6 23. Rdd1 c5 24. Nc3 Bg5 25. Nb5 Bf4 26. Nxa7 h3 27. g3 Bh6 28. f4 Bg4 29. Rd3 f5 30. exf5 Rxe1+ 31. Bxe1 Bxf5 32. Rd1 Bg7 33. Rd2 Re8 34. Bf2 Re6 35. Nb5 Bf8 36. Bd1 Rf6 37. Nc3 Ne7 38. Nd5 Nxd5 39. cxd5 Be4 40. Bg4 Rh6 41. a5 f5 42. Be2 Rh7 43. Bc4 Bg7 44. Bxc5 dxc5 45. d6+ Kf8 46. d7 Bf6 47. d8Q+ Bxd8 48. Rxd8+ Ke7 49. Ra8 Rh6 50. Kf2 Rd6 51. Ke2 Rd7 52. Rh8 Rd4 53. b3 Bg2 54. Rh5 Kf6 55. Rh7 Re4+ 56. Kf2 Re7 57. Rxe7 Kxe7 58. Bf1 Bd5 59. Bxh3 Kf6 60. Bg2 Bxg2 61. Kxg2 Ke6 62. h4 Kd5 63. h5 Kd4 64. h6 Kc3 65. h7 Kxb3 66. h8Q c4 67. Qg8 Kc3 68. Qd5 1-0

[Event "Eschborn op 11th"]
[Site "Eschborn"]
[Date "2014.09.07"]
[Round "4"]
[White "Halbig, Christopher"]
[Black "Papadopoulos, Ioannis1111"]
[Result "1-0"]
[WhiteElo "1768"]
[BlackElo "1345"]
[PlyCount "73"]
[EventDate "2014.09.05"]
[EventType "swiss"]
[EventRounds "5"]
[EventCountry "GER"]
[SourceTitle "EXT 2015"]
[Source "ChessBase"]
[SourceDate "2014.11.20"]
[SourceVersion "1"]
[SourceVersionDate "2014.11.20"]
[SourceQuality "1"]

1. c4 e6 2. g3 d5 3. Bg2 Nf6 4. Nf3 c5 5. 0-0 Be7 6. d4 Nc6 7. dxc5 Bxc5 8. cxd5 exd5 9. a3 0-0 10. Nbd2 Be6 11. Nb3 Be7 12. Nbd4 Bg4 13. Bg5 h6 14. Be3 Qd7 15. Rc1 Rac8 16. Nxc6 bxc6 17. Ne5 Qb7 18. b4 Be6 19. Qa4 Bd6 20. Nd3 Nd7 21. Qxa7 Qxa7 22. Bxa7 Ra8 23. Bd4 Rfc8 24. Rc3 Nf6 25. f3 Bf5 26. Rfc1 Bd7 27. e4 dxe4 28. fxe4 Be7 29. Ne5 Be6 30. Nxc6 Bf8 31. Bxf6 gxf6 32. Nd4 Rd8 33. Nxe6 fxe6 34. e5 Kf7 35. Rc7+ Kg6 36. Bxa8 Rxa8 37. Rc8 1-0

[Event "Eschborn op 11th"]
[Site "Eschborn"]
[Date "2014.09.06"]
[Round "3"]
[White "Mauersberger, Uwe"]
[Black "Halbig, Christopher"]
[Result "1-0"]
[WhiteElo "1392"]
[BlackElo "1768"]
[PlyCount "51"]
[EventDate "2014.09.05"]
[EventType "swiss"]
[EventRounds "5"]
[EventCountry "GER"]
[SourceTitle "EXT 2015"]
[Source "ChessBase"]
[SourceDate "2014.11.20"]
[SourceVersion "1"]
[SourceVersionDate "2014.11.20"]
[SourceQuality "1"]

1. e4 e5 2. Nf3 Nc6 3. d4 d6 4. dxe5 dxe5 5. Qxd8+ Kxd8 6. Bb5 f6 7. h3 Nb4 8. Na3 c6 9. Bc4 a5 10. 0-0 Bc5 11. Rd1+ Kc7 12. c3 Na6 13. Nc2 Ne7 14. a3 a4 15. Be3 Ng6 16. b4 axb3 17. Bxb3 Rf8 18. Nd2 Be7 19. Nb4 Nc5 20. a4 Be6 21. Bxc5 Bxc5 22. Bxe6 Nf4 23. Bc4 Rfd8 24. Nb3 Rxd1+ 25. Rxd1 Rxa4 26. Nxc5 1-0

[Event "Karl Mala Memorial op-A 17th"]
[Site "Frankfurt"]
[Date "2014.08.01"]
[Round "3"]
[White "Halbig, Christopher"]
[Black "Bittner, Peter"]
[Result "1/2-1/2"]
[WhiteElo "1753"]
[BlackElo "1943"]
[PlyCount "137"]
[EventDate "2014.07.31"]
[EventType "swiss"]
[EventRounds "7"]
[EventCountry "GER"]
[SourceTitle "EXT 2015"]
[Source "ChessBase"]
[SourceDate "2014.11.20"]
[SourceVersion "1"]
[SourceVersionDate "2014.11.20"]
[SourceQuality "1"]

1. c4 Nf6 2. g3 c6 3. Bg2 e5 4. d4 exd4 5. Qxd4 Bb4+ 6. Bd2 Bxd2+ 7. Qxd2 0-0 8. Nc3 Na6 9. Nf3 Re8 10. 0-0 Nc7 11. Rad1 Qe7 12. e4 h6 13. e5 Nh7 14. Rfe1 Rb8 15. Ne4 Nf8 16. Nd6 Rd8 17. Nd4 Nfe6 18. N4f5 Qf8 19. h4 Ne8 20. Qe3 b6 21. b4 Nxd6 22. exd6 Bb7 23. a4 c5 24. Bxb7 Rxb7 25. b5 Rbb8 26. Qc3 g6 27. Ne7+ Kh7 28. Qf6 Qg7 29. Qxg7+ Kxg7 30. Rd3 Nd4 31. Kg2 Re8 32. Ree3 Rf8 33. Rd2 Rbe8 34. Ra2 f5 35. f4 Kh7 36. a5 bxa5 37. Rxa5 Rf6 38. Nd5 Rxe3 39. Nxf6+ Kg7 40. Nxd7 Rc3 41. Ne5 Rc2+ 42. Kf1 Rc1+ 43. Kf2 Rc2+ 44. Kf1 Rc1+ 45. Kg2 Rc2+ 46. Kh3 Ne2 47. Rxa7+ Kf6 48. Kg2 Nxf4+ 49. Kf3 Kxe5 50. gxf4+ Kxd6 51. Ra6+ Kc7 52. Rc6+ Kb7 53. Rxc5 Rc3+ 54. Kf2 Rh3 55. h5 Rxh5 56. Rc6 g5 57. fxg5 hxg5 58. Rc5 g4 59. Rd5 Rh2+ 60. Kg3 Rh3+ 61. Kg2 f4 62. Rg5 f3+ 63. Kf2 Rh2+ 64. Kf1 Rg2 65. Rf5 Rc2 66. c5 Rb2 67. Rf7+ Kc8 68. b6 Rb5 69. Rf4 1/2-1/2

[Event "Karl Mala Memorial op-A 17th"]
[Site "Frankfurt"]
[Date "2014.08.01"]
[Round "2"]
[White "Halbig, Christopher"]
[Black "Breitwieser, Jasmin"]
[Result "1/2-1/2"]
[WhiteElo "1753"]
[BlackElo "1931"]
[PlyCount "72"]
[EventDate "2014.07.31"]
[EventType "swiss"]
[EventRounds "7"]
[EventCountry "GER"]
[SourceTitle "EXT 2015"]
[Source "ChessBase"]
[SourceDate "2014.11.20"]
[SourceVersion "1"]
[SourceVersionDate "2014.11.20"]
[SourceQuality "1"]

1. c4 c5 2. g3 Nc6 3. Bg2 g6 4. Nc3 Bg7 5. e3 e5 6. Nge2 Nge7 7. d3 d6 8. a3 0-0 9. Rb1 a5 10. b3 Be6 11. Nd5 Rb8 12. Nec3 Bxd5 13. Nxd5 b5 14. Bd2 Nxd5 15. cxd5 Ne7 16. Qc2 b4 17. a4 Nf5 18. Qc4 h5 19. h4 Bh6 20. Bh3 Ng7 21. Rb2 Qf6 22. Qe4 Qe7 23. Rc2 f5 24. Qg2 Rbe8 25. Rc4 Rd8 26. 0-0 Ne8 27. f4 Nf6 28. e4 Ng4 29. Bxg4 fxg4 30. f5 Bxd2 31. Qxd2 gxf5 32. exf5 Qf6 33. Qe3 Rd7 34. Rc2 Rg7 35. Rcf2 Kh7 36. Qe4 Rff7 1/2-1/2

[Event "Karl Mala Memorial op-A 16th"]
[Site "Frankfurt"]
[Date "2013.07.14"]
[Round "6"]
[White "Juhnke, Peter"]
[Black "Halbig, Christopher"]
[Result "0-1"]
[WhiteElo "1911"]
[BlackElo "1706"]
[PlyCount "124"]
[EventDate "2013.07.11"]
[EventType "swiss"]
[EventRounds "7"]
[EventCountry "GER"]
[SourceTitle "EXT 2014"]
[Source "ChessBase"]
[SourceDate "2013.11.20"]
[SourceVersion "1"]
[SourceVersionDate "2013.11.20"]
[SourceQuality "1"]

1. d4 d6 2. Nf3 g6 3. e3 Bg7 4. Bd3 Nf6 5. c3 Nbd7 6. e4 e5 7. Qc2 0-0 8. Bg5 a6 9. Nbd2 b6 10. 0-0-0 Bb7 11. Nc4 Qe7 12. Rhe1 Rfe8 13. d5 Nc5 14. Nfd2 Bc8 15. Be2 Bd7 16. h4 h6 17. Be3 Qf8 18. f3 Nh5 19. Rg1 Kh8 20. Nf1 Nf4 21. g4 Ba4 22. b3 Nxb3+ 23. axb3 Bxb3 24. Qxb3 Nxe2+ 25. Kd2 Nxg1 26. Bxg1 Qe7 27. Bf2 Bf6 28. h5 Bg5+ 29. Kd3 Kg7 30. Nfe3 Qd7 31. Na3 Rg8 32. Rh1 Bf4 33. Ng2 g5 34. Be3 Rgb8 35. Bxf4 exf4 36. c4 b5 37. cxb5 axb5 38. Rb1 Qe7 39. Ne1 Qe5 40. Nec2 Rb7 41. Nd4 Qf6 42. Naxb5 Ra6 43. Qc4 Rab6 44. Qc3 Kh7 45. Qc4 Kg8 46. Qc3 Kh7 47. Qc4 Kg8 48. Rc1 Kh7 49. Nxc7 Rb4 50. Ne8 Qh8 51. Nxd6 Rxc4 52. Rxc4 Rd7 53. Rc8 Qe5 54. Nc4 Qe7 55. Nf5 Qb4 56. Rc6 Ra7 57. Rxh6+ Kg8 58. Rc6 Qb1+ 59. Kd4 Qg1+ 60. Ke5 Qa1+ 61. Kd6 Qc3 62. Rb6 Qxc4 0-1

[Event "Karl Mala Memorial op-A 16th"]
[Site "Frankfurt"]
[Date "2013.07.12"]
[Round "3"]
[White "Halbig, Christopher"]
[Black "Blank, Stefan"]
[Result "1-0"]
[WhiteElo "1706"]
[BlackElo "1895"]
[PlyCount "165"]
[EventDate "2013.07.11"]
[EventType "swiss"]
[EventRounds "7"]
[EventCountry "GER"]
[SourceTitle "EXT 2014"]
[Source "ChessBase"]
[SourceDate "2013.11.20"]
[SourceVersion "1"]
[SourceVersionDate "2013.11.20"]
[SourceQuality "1"]

1. c4 Nf6 2. Nf3 g6 3. g3 Bg7 4. Bg2 0-0 5. 0-0 d6 6. Nc3 e5 7. d3 c6 8. Rb1 Nbd7 9. e4 Nh5 10. b4 a6 11. a4 b6 12. b5 axb5 13. axb5 c5 14. Ne1 Bb7 15. Bd2 Qe8 16. Nc2 f5 17. f3 f4 18. g4 Nhf6 19. Qc1 g5 20. h3 h5 21. Rf2 Rf7 22. Bh1 Nf8 23. Rh2 Ng6 24. Be1 Bc8 25. Qd1 Be6 26. Nd5 Nxd5 27. exd5 Bc8 28. Bg2 Bf6 29. Bf1 Rh7 30. Be2 Raa7 31. Qc1 hxg4 32. hxg4 Rxh2 33. Kxh2 Qf8 34. Kg2 Qh6 35. Bf2 Nh4+ 36. Bxh4 Qxh4 37. Qe1 Qh6 38. Ra1 Rh7 39. Qh1 Qg7 40. Qg1 Qf8 41. Ra8 Qd8 42. Qb1 Rc7 43. Qa2 Qd7 44. Qa4 Kf7 45. Na3 Ke8 46. Nb1 Qh7 47. Nc3 Bd8 48. Ne4 Qh6 49. Qa1 Rh7 50. Qg1 Bd7 51. Nf2 Qh4 52. Kf1 Qh6 53. Ke1 Rh8 54. Bf1 Qg7 55. Ne4 Ke7 56. Ra7 Qh6 57. Bg2 Kf8 58. Rb7 Be8 59. Kf1 Rh7 60. Rxh7 Qxh7 61. Qf2 Qa7 62. Nxd6 Qa1+ 63. Qe1 Qd4 64. Qd1 Bg6 65. Nf5 Bxf5 66. gxf5 Kg7 67. Bh3 Bf6 68. Qd2 Qa1+ 69. Kg2 Qd4 70. Qe2 Bd8 71. Kh2 Bf6 72. Bf1 Qa1 73. Kh3 Qd4 74. Qg2 Qa1 75. Kg4 Qe1 76. Qh3 Qf2 77. Kh5 Kf7 78. Kh6 Qg3 79. Kh7 Kf8 80. Kg6 Bg7 81. f6 Bxf6 82. Kxf6 Ke8 83. Qc8# 1-0

[Event "Karl Mala Memorial op 15th"]
[Site "Frankfurt"]
[Date "2012.07.08"]
[Round "7"]
[White "Kammerer, Peter"]
[Black "Halbig, Christopher"]
[Result "1-0"]
[WhiteElo "1933"]
[BlackElo "1729"]
[PlyCount "39"]
[EventDate "2012.07.05"]
[EventType "swiss"]
[EventRounds "7"]
[EventCountry "GER"]
[SourceTitle "CBM 149 Extra"]
[Source "ChessBase"]
[SourceDate "2012.08.24"]
[SourceVersion "1"]
[SourceVersionDate "2012.08.24"]
[SourceQuality "1"]

1. d4 d6 2. c4 Nf6 3. Nc3 g6 4. e4 Bg7 5. f3 0-0 6. Be3 c6 7. Bd3 Na6 8. a3 c5 9. d5 Nc7 10. Qd2 Re8 11. Nge2 a6 12. g4 Rb8 13. a4 b6 14. h4 h5 15. gxh5 Nxh5 16. Nf4 Bf6 17. Nxh5 gxh5 18. Bf2 Bg7 19. Rg1 Kh8 20. Qg5 1-0

[Event "Karl Mala Memorial op 15th"]
[Site "Frankfurt"]
[Date "2012.07.06"]
[Round "3"]
[White "Halbig, Christopher"]
[Black "Braunberger, Gerald"]
[Result "0-1"]
[WhiteElo "1729"]
[BlackElo "1973"]
[PlyCount "74"]
[EventDate "2012.07.05"]
[EventType "swiss"]
[EventRounds "7"]
[EventCountry "GER"]
[SourceTitle "CBM 149 Extra"]
[Source "ChessBase"]
[SourceDate "2012.08.24"]
[SourceVersion "1"]
[SourceVersionDate "2012.08.24"]
[SourceQuality "1"]

1. c4 c6 2. Nf3 d5 3. e3 Nf6 4. Qc2 e6 5. b3 Nbd7 6. Bb2 Be7 7. Be2 h6 8. d3 Qc7 9. Nbd2 b6 10. 0-0-0 Bb7 11. h3 Rc8 12. Kb1 a5 13. g4 Qb8 14. Rdg1 b5 15. g5 hxg5 16. Rxg5 g6 17. Rgg1 Rh6 18. Qd1 Qa8 19. cxd5 Nxd5 20. d4 a4 21. Ne1 axb3 22. Qxb3 Rb8 23. e4 N5b6 24. Qe3 Bf8 25. Rg3 Na4 26. Ba1 b4 27. Nb3 Qa7 28. Nd3 Ra8 29. Ndc1 Rh7 30. f4 Bh6 31. h4 e5 32. Qf3 Nc3+ 33. Bxc3 bxc3 34. fxe5 Bd2 35. Qd3 c5 36. Nxd2 cxd2 37. Qxd2 Bxe4+ 0-1

[Event "Hessen-chB"]
[Site "Offenbach"]
[Date "2012.04.07"]
[Round "7"]
[White "Puzzo, Peter"]
[Black "Halbig, Christopher"]
[Result "0-1"]
[WhiteElo "1656"]
[BlackElo "1450"]
[PlyCount "82"]
[EventDate "2012.04.05"]
[EventType "swiss"]
[EventRounds "7"]
[EventCountry "GER"]
[SourceTitle "EXT 2013"]
[Source "ChessBase"]
[SourceDate "2012.11.22"]
[SourceVersion "1"]
[SourceVersionDate "2012.11.22"]
[SourceQuality "1"]

1. d4 Nf6 2. c4 d6 3. Nc3 Nbd7 4. e4 e5 5. Be3 Be7 6. Nf3 0-0 7. Be2 c6 8. 0-0 Qc7 9. h3 Re8 10. d5 Bf8 11. Qd2 h6 12. Rac1 Nc5 13. Bxc5 dxc5 14. Rfd1 Rd8 15. Qe3 Bd6 16. Rd3 Qe7 17. Rcd1 Ne8 18. Nh2 f5 19. f3 f4 20. Qd2 Qg5 21. Kh1 Qe7 22. a3 Bd7 23. Na2 a5 24. Nc3 Bc8 25. Rb1 Rd7 26. b4 axb4 27. axb4 cxb4 28. Na2 c5 29. Nc1 Qf8 30. Nb3 Ra6 31. Qb2 b6 32. Rdd1 Rda7 33. Ra1 Nc7 34. Rxa6 Rxa6 35. Rg1 Bd7 36. Bd1 Qa8 37. g4 g5 38. Qf2 Ra2 39. Qe1 Qa3 40. h4 Qb2 41. Nf1 Qf2 0-1

[Event "Hessen-chB"]
[Site "Offenbach"]
[Date "2012.04.06"]
[Round "5"]
[White "Halbig, Christopher"]
[Black "Naneder, Maximilian"]
[Result "1-0"]
[WhiteElo "1450"]
[BlackElo "1734"]
[PlyCount "77"]
[EventDate "2012.04.05"]
[EventType "swiss"]
[EventRounds "7"]
[EventCountry "GER"]
[SourceTitle "EXT 2013"]
[Source "ChessBase"]
[SourceDate "2012.11.22"]
[SourceVersion "1"]
[SourceVersionDate "2012.11.22"]
[SourceQuality "1"]

1. c4 e6 2. Nf3 Nf6 3. g3 b6 4. Bg2 Bb7 5. 0-0 Be7 6. Nc3 0-0 7. d4 d6 8. Qc2 Nbd7 9. e4 e5 10. Re1 a6 11. b3 c5 12. dxe5 Nxe5 13. Nxe5 dxe5 14. Bb2 Qc7 15. Re2 Rad8 16. Rae1 Rfe8 17. Nd5 Bxd5 18. exd5 Bd6 19. Qc3 Re7 20. Qc2 Rde8 21. h3 Nd7 22. Re3 f6 23. R1e2 b5 24. Bc1 Nb6 25. Be4 g6 26. g4 Rg7 27. Kf1 Rf7 28. Rg3 Kf8 29. Rg2 b4 30. h4 Ke7 31. h5 gxh5 32. gxh5 Kd8 33. h6 Nc8 34. Re3 Bf8 35. Reg3 Nd6 36. Bf3 Rfe7 37. Bh5 Nb7 38. Rg8 Kd7 39. Qf5+ 1-0